1982 1690 1173 1657 1144 1813 1200 1099 1293 1362 1118 1824 1574 1505 1358 1880 1391 1064 1589 1419 2000 1265 1530 1991 1017 1405 1844 1059 1713 1889 1620 1409 1336 1574 1194 1658 1224 1394 1288 1578 1737 1442 1212 1998 1066 1995 1653 1697 1877 1914 1264 1265 1495 1243 1043 1089 1804 1361 1032 1941 1244 1785 1339 1886 1752 1287 1371 1505 1212 1650 1568 1036 1269 1388 1757 1400 1264 1898 1666 1819 1583 1434 1659 1820 1688 1126 1209 1628 1562 1781 1344 1319 1365 1211 1000 1449 1136 1537 1824 BCNSPRNW ULIB Ver.6.0+V

เปลี่ยนเป็นภาษาไทย

Change to English
 แสดงรายละเอียดบรรณานุกรม
  กลับหน้าหลัก

Brief Record : Get Marc (ISO 2709) : E-mail record : QR code < ปิดหน้าต่าง
LEADER : 00000nam 2200000uu 4500
001    13399113778
003     ULIB
008    111227s2549||||th 000 0 tha d
020    ^a9749412613
090    ^aรส^bอ595น 2549
100 0  ^aอาจอง ชุมสาย ณ อยุธยา,^d2483-
245 10 ^aแนวทางสู่ความสุข :^bบทเรียนแห่งชีวิตในโลกยุคใหม่ /^cอาจอง
250    ^aพิมพ์ครั้งที่ 3
260    ^aกรุงเทพฯ :^bฟรีมายด์,^c2549
300    ^a213 หน้า :^bภาพประกอบ ;^c19 ซม.
650  4 ^aความสุข
650  4 ^aการดำเนินชีวิต
945    ^p180^l0^i24859
995    ^aกัณชพร
999 ^a ใช้งานได้ทุกระบบ
รายการนี้ยังไม่มีแท็ก
คุณยังไม่ได้ล็อกอิน คุณสามารถมีกิจกรรมร่วมกับเว็บไซต์ได้ แต่ต้องล็อกอินก่อน ::
  ล็อกอิน

รายการสื่อสารสนเทศ

ลำดับที่ ประเภท เลขเรียก/บาร์โค้ด สถานที่ สถานะ
- ไม่พบข้อมูล -

รายการใกล้เคียง
    หัวเรื่อง [ความสุข]
    หัวเรื่อง [การดำเนินชีวิต]

BibComment


ยังไม่เคยถูกคอมเมนท์

คอมเมนท์ทรัพยากรรายการนี้
  คอมเมนท์: แนวทางสู่ความสุข..


 Copyright 2026. Bcnsprnw @Library